Paragon Mortgages buy-to-let index (Record no. 106496)
[ view plain ]
| 000 -LEADER | |
|---|---|
| fixed length control field | 02140cam a2200241 4500 |
| 001 - CONTROL NUMBER | |
| control field | L136744 |
| 008 - FIXED-LENGTH DATA ELEMENTS--GENERAL INFORMATION | |
| fixed length control field | 070221n2007 000 0 eng u |
| 035 ## - SYSTEM CONTROL NUMBER | |
| System control number | (Sirsi) u136744 |
| 041 0# - LANGUAGE CODE | |
| Language code of text/sound track or separate title | eng |
| 050 ## - LIBRARY OF CONGRESS CALL NUMBER | |
| Classification number | 332.6324 $2 18 |
| 110 2# - MAIN ENTRY--CORPORATE NAME | |
| Corporate name or jurisdiction name as entry element | Paragon Mortgages |
| 9 (RLIN) | 4976 |
| 245 00 - TITLE STATEMENT | |
| Title | Paragon Mortgages buy-to-let index |
| Remainder of title | January 2007 |
| Medium | [electronic resource] |
| 260 ## - PUBLICATION, DISTRIBUTION, ETC. | |
| Place of publication, distribution, etc. | Solihull |
| Name of publisher, distributor, etc. | Paragon Mortgages |
| Date of publication, distribution, etc. | 2007 |
| 490 #0 - SERIES STATEMENT | |
| Series statement | Paragon Mortgages Buy to Let index |
| Volume/sequential designation | January 2007 |
| 505 2# - FORMATTED CONTENTS NOTE | |
| Formatted contents note | Highlights -- Averages -- Rental yield average for England and Wales -- Property value and rental income average for England and Wales -- Landlord property value, rental value, yield and percentage change by region -- Landlord property yields by region -- Landlord property values by region -- Landlord rental incomes by region -- Landlord property value, rental value, yield and percentage change by property type. |
| 520 ## - SUMMARY, ETC. | |
| Summary, etc. | Rental yields have remained stable at 6.0% for the fourth consecutive month. Regions with the highest yields in December were Wales, the South West and the North West, all with yields of 6.3%. Average national property value rose 0.3% from £162 304 in November to £162 776 in December. The region with the highest property value is London (£289 558), followed by the South West (£190 635) and the South East (£178 007). Average rental incomes rose from £9 665 in November to £9 700 in December - a monthly increase of 0.4%. The regions with the highest rental income in December were London (£16 389), the South West (£11 990) and the South East (£10 376). Total returns this month stood at 7.2%. In December the region with the highest total returns on a property was the South East (16.1%), followed by the West Midlands (13.5%) and the South West (11.4%). |
| 590 ## - LOCAL NOTE (RLIN) | |
| Local note | KA |
| 650 24 - SUBJECT ADDED ENTRY--TOPICAL TERM | |
| Topical term or geographic name entry element | PARAGON MORTGAGES BUY-TO-LET INDEX |
| 651 #4 - SUBJECT ADDED ENTRY--GEOGRAPHIC NAME | |
| Geographic name | England and Wales |
| Chronological subdivision | 1543- |
| 690 ## - LOCAL SUBJECT ADDED ENTRY--TOPICAL TERM (OCLC, RLIN) | |
| Topical term or geographic name as entry element | PROPERTY-RESIDENTIAL PROPERTY-RESIDENTIAL PROPERTY MARKET |
| 856 40 - ELECTRONIC LOCATION AND ACCESS | |
| Uniform Resource Identifier | <a href="https://www.paragon-mortgages.co.uk/Files/PML/BTL%20Index/2007-01%20BTL%20Index.pdf">https://www.paragon-mortgages.co.uk/Files/PML/BTL%20Index/2007-01%20BTL%20Index.pdf</a> |
| Public note | View the index free of charge at www.paragon-mortages.co.uk... |
| 942 ## - ADDED ENTRY ELEMENTS (KOHA) | |
| Suppress in OPAC | 0 |
| Withdrawn status | Lost status | Source of classification or shelving scheme | Damaged status | Not for loan | Home library | Current library | Shelving location | Date acquired | Total Checkouts | Full call number | Barcode | Date last seen | Copy number | Price effective from | Koha item type |
|---|---|---|---|---|---|---|---|---|---|---|---|---|---|---|---|
| Dewey Decimal Classification | Virtual | Virtual | Online | 21/02/2007 | ONLINE PUBLICATION | 136744-1001 | 06/08/2019 | 1 | 06/08/2019 | Book |